00431nam a2200157Ia 450000500170000000800410001702000180005803700130007604000200008904100130010908400170012210000120013924500740015126000390022530000090026420250326141123.0250326s9999 xx 000 0 und d a0-7456-0924-4 aTextbook aFMSLbengcFMSL aeng2eng aX:8 N7qFMSL aGrint K 0aMachine at work: technology work and organizationcGrint K; Woolger S aCambridgebCambridge, Polityc1997 a206p